| 000 | 00653nam a22001817a 4500 | ||
|---|---|---|---|
| 005 | 20180827105413.0 | ||
| 010 | _aENG-123769 | ||
| 020 |
_c200.00 _a9788175418882 |
||
| 035 | _aEN-107301 | ||
| 037 | _bDBAD/PUB | ||
| 082 | _a372.3044 | ||
| 100 | _aRanganathan, Namita | ||
| 245 |
_aTeaching psychology: _cby Namita Ranganathan...et all _bconcepts and pedagogic strategies / |
||
| 260 |
_aDelhi _bShipra Publications _c2017 |
||
| 270 |
_aLG 18-19,Pankaj Central Market I.P.Ext.,Patparganj _bDelhi _e110092 _k91 11 22235152/ 6152 _mwww.shiprapublication.com |
||
| 300 |
_axiv,246p. _c21cm(pbk) _bill. |
||
| 942 |
_2ddc _cEN _mRAN _h372.3044 |
||
| 999 |
_c156359 _d156359 |
||